Southville International School and Colleges
Your cart is empty.
  • Cart
  • Lists
    Public lists Eva Luna New books Lux_list list_1
    Your lists Log in to create your own lists
  • Log in to your account
  • Your cookies
  • Search history
Southville International School and Colleges
  • Advanced search
  • Recent comments
  • Most popular
  • Libraries

Log in to your account

Log in with GOOGLE


If you do not have an external account, but do have a local account, you can still log in:

  1. Home
  2. MARC view: Captain Cook :
Normal view MARC view ISBD view

Captain Cook : (Record no. 254010)

[ view plain ]
MARC details
000 -LEADER
fixed length control field 00938cam a22003133a 4500
001 - CONTROL NUMBER
control field 24755
003 - CONTROL NUMBER IDENTIFIER
control field PGUSA
005 - DATE AND TIME OF LATEST TRANSACTION
control field 20140828083531.0
008 - FIXED-LENGTH DATA ELEMENTS--GENERAL INFORMATION
fixed length control field 080305s2008||||xxu|||||s|||||000 | eng d
040 ## - CATALOGING SOURCE
Original cataloging agency PGUSA
Language of cataloging eng
042 ## - AUTHENTICATION CODE
Authentication code dc
050 #4 - LIBRARY OF CONGRESS CALL NUMBER
Classification number CT
050 #4 - LIBRARY OF CONGRESS CALL NUMBER
Classification number DU
050 #4 - LIBRARY OF CONGRESS CALL NUMBER
Classification number G
100 1# - MAIN ENTRY--PERSONAL NAME
Personal name Kingston, William Henry Giles,
Dates associated with a name 1814-1880
245 10 - TITLE STATEMENT
Title Captain Cook :
Remainder of title His Life, Voyages, and Discoveries
Medium [electronic resource] /
Statement of responsibility, etc William Henry Giles Kingston
260 ## - PUBLICATION, DISTRIBUTION, ETC. (IMPRINT)
Name of publisher, distributor, etc Project Gutenberg,
Date of publication, distribution, etc 2008
506 ## - RESTRICTIONS ON ACCESS NOTE
Terms governing access Public domain in the USA.
516 ## - TYPE OF COMPUTER FILE OR DATA NOTE
Type of computer file or data note Electronic text
653 ## - INDEX TERM--UNCONTROLLED
Uncontrolled term Oceania -- Discovery and exploration
653 ## - INDEX TERM--UNCONTROLLED
Uncontrolled term Biography
653 ## - INDEX TERM--UNCONTROLLED
Uncontrolled term Missions -- Oceania
653 ## - INDEX TERM--UNCONTROLLED
Uncontrolled term Australasia -- Discovery and exploration
653 ## - INDEX TERM--UNCONTROLLED
Uncontrolled term Cook, James, 1728-1779
653 ## - INDEX TERM--UNCONTROLLED
Uncontrolled term Voyages around the world
830 #0 - SERIES ADDED ENTRY--UNIFORM TITLE
Uniform title Project Gutenberg
Volume number/sequential designation 24755
856 40 - ELECTRONIC LOCATION AND ACCESS
Uniform Resource Identifier <a href="http://www.gutenberg.org/ebooks/24755">http://www.gutenberg.org/ebooks/24755</a>
942 ## - ADDED ENTRY ELEMENTS (KOHA)
Koha item type eBooks
Holdings
Withdrawn status Lost status Damaged status Home library Current library Date acquired Total Checkouts Date last seen Price effective from Koha item type
      Project Gutenberg Project Gutenberg 08/28/2014   08/28/2014 08/28/2014 eBooks

Captain Cook :

APA

Kingston W. H. G., . (2008). Captain Cook. : Project Gutenberg.

Chicago

Kingston William Henry Giles, . 2008. Captain Cook. : Project Gutenberg.

Harvard

Kingston W. H. G., . (2008). Captain Cook. : Project Gutenberg.

MLA

Kingston William Henry Giles, . Captain Cook. : Project Gutenberg. 2008.

  • Place hold
  • Print
  • Cite
  • Add to your cart (remove)
  • Save record
    BIBTEX Dublin Core MARCXML MARC (non-Unicode/MARC-8) MARC (Unicode/UTF-8) MARC (Unicode/UTF-8, Standard) MODS (XML) RIS
  • More searches
    Search for this title in:
    Other Libraries (WorldCat) Other Databases (Google Scholar) Online Stores (Bookfinder.com) Open Library (openlibrary.org)

Exporting to Dublin Core...

SOUTHVILLE LIBRARY

Southville International School and Colleges Library

1281 Tropical Ave. Cor. Luxembourg St., BF Homes International, Las Pinas City

Tel. No. 8256374 / 252358 Loc. 117/146

Powered by Koha